Partnerships for food and livehood security

Bewaard in:
Bibliografische gegevens
Hoofdauteur: Swaminathan, M S
Formaat: Boek
Taal:Undetermined
Gepubliceerd in: Chennai M S Swaminathan Research Foundation 1998
Onderwerpen:
Tags: Voeg label toe
Geen labels, Wees de eerste die dit record labelt!
Thư viện lưu trữ: Trung tâm Học liệu Trường Đại học Cần Thơ
LEADER 00537nam a2200181Ia 4500
001 CTU_126119
008 210402s9999 xx 000 0 und d
082 |a 363.192 
082 |b S971 
100 |a Swaminathan, M S 
245 0 |a Partnerships for food and livehood security 
245 0 |c M S Swaminathan 
260 |a Chennai 
260 |b M S Swaminathan Research Foundation 
260 |c 1998 
650 |a Partnerships for food and livehood security 
904 |i Nguyên 
980 |a Trung tâm Học liệu Trường Đại học Cần Thơ